000 00346nam a2200145Ia 4500
003 OSt
005 20231221060026.0
008 170524s9999 xx 000 0 und d
020 _a9788126123315
040 _cIIMT UNIVERSITY
100 _aNAYYAR SHAMSI
245 0 _a JOURNALISM : THE NEWS
260 _bANMOL PUB. : NEW DELHI
942 _2ddc
_c01
999 _c9223
_d9223